000 00504nam a2200181Ia 4500
005 20250508152507.0
008 008 250505s9999 xx 000 0 eng d
037 _aTextual
040 _aFEDL
_beng
_cFEDL
041 _aeng
_2eng
084 _a910, MIN
_qFEDL
100 _aMinayeff I P
_997115
245 0 _aTravels in and diaries of India and Burma
260 _aCalcutta, India
_bEducational Publishers
300 _a284p.
942 _cTEXL
_h910, MIN
999 _c1336786
_d1336786